Física / Francis W. Sears (Registro nro. 21447)
[ vista simple ]
| 000 -LÍDER | |
|---|---|
| fixed length control field | 00460nam a2200169 4500 |
| 008 - ELEMENTOS DE LONGITUD FIJA -- INFORMACIÓN GENERAL | |
| fixed length control field | 01966 1981 0a 000 0ESP |
| 020 ## - NÚMERO INTERNACIONAL NORMALIZADO PARA LIBROS | |
| ISBN | 84-03-20260-1 |
| 050 ## - SIGNATURA TOPOGRAFICA DE LA BIBLIOTECA DEL CONGRESO (LC) | |
| Número de Clasificación | QC6 S439 |
| 082 ## - NUMERO DE CLASIFICACION DECIMAL DEWEY | |
| Número de Clasificación | 530 S439f |
| 100 ## - ASIENTO PRINCIPAL--NOMBRE PERSONAL | |
| Nombre personal | Sears, Francis W. |
| 245 ## - TÍTULO | |
| Título | Física / Francis W. Sears |
| 250 ## - MENCIÓN DE EDICIÓN | |
| Mención de edición | 2 |
| 260 ## - PUBLICACIÓN, DISTRIBUCIÓN, ETC. (PIE DE IMPRENTA) | |
| Lugar de publicación, distribución, etc. | España : Aguilar |
| 300 ## - DESCRIPCIÓN FÍSICA | |
| Extensión | xv, 1130p. / 24 cm. |
| 650 ## - ASIENTO SECUNDARIO DE MATERIA - TERMINO TEMÁTICO | |
| Término temático o nombre geográfico como elemento de entrada | 1. FISICA |
| 700 ## - ASIENTO SECUNDARIO - NOMBRE PERSONAL | |
| Nombre personal | I. Zemansky, Mark W., coaut. \ II. Young, Hugh D., coaut. |
| No. biblioteca | No. biblioteca | Número de clasificación | Código de barras/Número de adquisición | Número de copia | Tipo de material |
|---|---|---|---|---|---|
| LUIS G. INCLAN | LUIS G. INCLAN | 530 S439f | 3657 | 5 | Libros |
| LUIS G. INCLAN | LUIS G. INCLAN | 530 S439f | 3654 | 2 | Libros |
| LUIS G. INCLAN | LUIS G. INCLAN | 530 S439f | 3655 | 3 | Libros |
